000 00442cam a2200181ua 4500
001 2028
008 110806n ii |||gr||||Z||||||asm
040 _cMAIN
082 _a370.1
100 _aSharma, Mukul Kr.,
_eAuthor.
245 1 _aShiksha tattva
_cby Mukul Kr. Sharma
250 _a4th.
260 _aDibrugarh:
_bStudents emporium,998.
300 _a.11; 378p:
_c23cm.
653 _aEducation
653 _aShiksha tattva
942 _cBK
999 _c1899
_d1899